<?xml version="1.0" encoding="UTF-8"?>
<record
    xmlns:xsi="http://www.w3.org/2001/XMLSchema-instance"
    xsi:schemaLocation="http://www.loc.gov/MARC21/slim http://www.loc.gov/standards/marcxml/schema/MARC21slim.xsd"
    xmlns="http://www.loc.gov/MARC21/slim">

  <leader>00959na  a2200313   4500</leader>
  <controlfield tag="001">16037</controlfield>
  <controlfield tag="003">MIRAKIL</controlfield>
  <controlfield tag="005">20181213154747.0</controlfield>
  <controlfield tag="008">160929b        tu            000 0      </controlfield>
  <datafield tag="020" ind1=" " ind2=" ">
    <subfield code="a">9786054307562</subfield>
  </datafield>
  <datafield tag="035" ind1=" " ind2=" ">
    <subfield code="a">16037</subfield>
  </datafield>
  <datafield tag="040" ind1=" " ind2=" ">
    <subfield code="a">Milas</subfield>
    <subfield code="b">tur</subfield>
    <subfield code="c">TR-AnCHP</subfield>
  </datafield>
  <datafield tag="082" ind1=" " ind2=" ">
    <subfield code="a">956.22624</subfield>
    <subfield code="b">C25a 2010</subfield>
  </datafield>
  <datafield tag="090" ind1=" " ind2=" ">
    <subfield code="a">956.22624 C25a 2010</subfield>
  </datafield>
  <datafield tag="100" ind1=" " ind2=" ">
    <subfield code="a">Canberk, G&#xFC;ray</subfield>
  </datafield>
  <datafield tag="222" ind1=" " ind2=" ">
    <subfield code="a">Aksaray</subfield>
  </datafield>
  <datafield tag="245" ind1=" " ind2=" ">
    <subfield code="a">Meydanlar&#x131; kaybolmu&#x15F; yorgun bir semt</subfield>
    <subfield code="b">Aksaray</subfield>
    <subfield code="c">Sabri Ku&#x15F;konmaz ; edit&#xF6;r Rozerin Do&#x11F;an</subfield>
  </datafield>
  <datafield tag="260" ind1=" " ind2=" ">
    <subfield code="a">&#x130;stanbul</subfield>
    <subfield code="b">Heyamola yay&#x131;nlar&#x131;</subfield>
    <subfield code="c">2010</subfield>
  </datafield>
  <datafield tag="300" ind1=" " ind2=" ">
    <subfield code="a">123 s.</subfield>
    <subfield code="b">res.</subfield>
    <subfield code="c">20 sm.</subfield>
  </datafield>
  <datafield tag="490" ind1=" " ind2=" ">
    <subfield code="a">&#x130;stanbulum dizisi</subfield>
    <subfield code="v">50</subfield>
  </datafield>
  <datafield tag="490" ind1=" " ind2=" ">
    <subfield code="a">Heyamola Yay&#x131;nlar&#x131;</subfield>
    <subfield code="v">156</subfield>
  </datafield>
  <datafield tag="504" ind1=" " ind2=" ">
    <subfield code="a">Kaynak&#xE7;a var.</subfield>
  </datafield>
  <datafield tag="651" ind1=" " ind2=" ">
    <subfield code="a">Aksaray (&#x130;stanbul)</subfield>
    <subfield code="x">K&#xFC;lt&#xFC;r</subfield>
    <subfield code="y">Tarih</subfield>
  </datafield>
  <datafield tag="651" ind1=" " ind2=" ">
    <subfield code="a">Aksaray (&#x130;stanbul)</subfield>
    <subfield code="x">Gezi ve tan&#x131;t&#x131;m</subfield>
  </datafield>
  <datafield tag="651" ind1=" " ind2=" ">
    <subfield code="a">&#x130;stanbul</subfield>
    <subfield code="x">K&#xFC;lt&#xFC;r</subfield>
    <subfield code="y">Tarih</subfield>
  </datafield>
  <datafield tag="651" ind1=" " ind2=" ">
    <subfield code="a">&#x130;stanbul</subfield>
    <subfield code="x">Tarih</subfield>
    <subfield code="y">Gezi ve tan&#x131;t&#x131;m</subfield>
  </datafield>
  <datafield tag="700" ind1=" " ind2=" ">
    <subfield code="a">Do&#x11F;an, Rozerin</subfield>
  </datafield>
  <datafield tag="942" ind1=" " ind2=" ">
    <subfield code="2">ddc</subfield>
    <subfield code="c">BKS</subfield>
  </datafield>
  <datafield tag="952" ind1=" " ind2=" ">
    <subfield code="a">0001</subfield>
    <subfield code="b">0001</subfield>
    <subfield code="d">2016-09-29</subfield>
    <subfield code="e">2</subfield>
    <subfield code="l">0</subfield>
    <subfield code="o">956.22624 C25a 2010</subfield>
    <subfield code="p">005624</subfield>
    <subfield code="r">2016-09-29 00:00:00</subfield>
    <subfield code="v">0.00</subfield>
    <subfield code="w">2016-09-29</subfield>
    <subfield code="y">BKS</subfield>
  </datafield>
  <datafield tag="999" ind1=" " ind2=" ">
    <subfield code="c">379</subfield>
    <subfield code="d">379</subfield>
  </datafield>
</record>
